Countries at conflict - Statistics

General Stats
  • This quiz has been taken 49 times
  • The average score is 19 of 35
Answer Stats
Hint Answer % Correct
Israel
95%
Russia
93%
Interstate Ukraine
90%
Palestine
80%
Afghanistan
73%
Civil War Syria
71%
Yemen
71%
Sudan
68%
China
63%
India
61%
Criminal Violence Mexico
61%
South Sudan
61%
Political Instability Lebanon
59%
North Korea
59%
Pakistan
59%
territorial dispute Armenia
56%
Niger
54%
Libya
51%
Nigeria
49%
Somalia
49%
Azerbaijan
46%
Ethiopia
46%
Haiti
46%
Myanmar
46%
Taiwan
46%
Venezuela
46%
Chad
39%
El Salvador
39%
transnational terrosim Mali
37%
Territorial Dispute Turkey
37%
Central African Republic
29%
Burkina Faso
27%
Honduras
27%
Guatemala
24%
Democratic Republic of Congo
7%
No matching quizzes found
Score Distribution
Percent of People with Each Score
Percentile by Number Answered
Your Score History
You have not taken this quiz